Salud de las mujeres, implicaciones de enfermería (Registro nro. 13042)

Detalles MARC
000 -CABECERA
Longitud fija campo de control 00928nam a22002417a 4500
003 - IDENTIFICADOR DELl NÚMERO DE CONTROL
Identificador del número de control OSt
005 - FECHA Y HORA DE LA ÚLTIMA TRANSACCIÓN
Fecha y hora de la última transacción 20140818213002.0
008 - CÓDIGOS DE INFORMACIÓN DE LONGITUD FIJA
Códigos de información de longitud fija 140816b xxu||||| |||| 00| 0 eng d
040 ## - FUENTE DE LA CATALOGACIÓN
Centro transcriptor BMC
082 ## - NÚMERO DE LA CLASIFICACIÓN DECIMAL DEWEY
Númeroo de clasificación 613.04244
082 ## - NÚMERO DE LA CLASIFICACIÓN DECIMAL DEWEY
Númeroo de clasificación 610.73
100 1# - PUNTO DE ACCESO PRINCIPAL-NOMBRE DE PERSONA
9 (RLIN) 23969
Nombre de persona Gómez Sánchez, Rebeca
245 10 - MENCIÓN DE TÍTULO
Título Salud de las mujeres, implicaciones de enfermería
Mención de responsabilidad, etc. Rebeca Gómez Sánchez, Julia Elena Ortiz Rivera
250 ## - MENCIÓN DE EDICIÓN
Mención de edición 1ª ed
260 ## - PUBLICACIÓN, DISTRIBUCIÓN, ETC. (PIE DE IMPRENTA)
Lugar de publicación, distribución, etc. San Salvador
Nombre del editor, distribuidor, etc. Ministerio de Salud Pública y Asistencia Social
Fecha de publicación, distribución, etc. 2005
300 ## - DESCRIPCIÓN FÍSICA
Extensión 174 p.
Dimensiones 20 cm
490 ## - MENCIÓN DE SERIE
Mención de serie Textos de enfermería relacionados con la salud integral de la mujer
Designación de volumen o secuencia 1
500 ## - NOTA GENERAL
Nota general En la port.: Cursos Internacionales de Educación para la Enfermería de Centro América y el Caribe, San Salvador, El Salvador, 2005
650 24 - PUNTO DE ACCESO ADICIONAL DE MATERIA - TÉRMINO DE MATERIA
9 (RLIN) 4439
Término de materia o nombre geográfico como elemento inicial Mujeres
Subdivisión de materia general Salud e higiene
650 24 - PUNTO DE ACCESO ADICIONAL DE MATERIA - TÉRMINO DE MATERIA
9 (RLIN) 7891
Término de materia o nombre geográfico como elemento inicial Cuidados de enfermería
700 1# - PUNTO DE ACCESO ADICIONAL - NOMBRE DE PERSONA
9 (RLIN) 23970
Nombre de persona Ortiz Rivera, Julia Elena
942 ## - ENTRADA DE ELEMENTOS AGREGADOS (KOHA)
Fuente de clasificaión o esquema Dewey Decimal Classification
Koha [por defecto] tipo de item 1- Monografias
Existencias
Suprimido Perdido Fuente de clasificación o esquema Estropeado Restricciones de uso No para préstamo Código de colección Localización permanente Localización actual Localización en estanter&íacute;as Fecha adquisición Fuente de adquisición Número de inventario Préstamos totales Signatura completa Código de barras Fecha última consulta Fecha último préstamo Coste, precio reemplazado Fecha del precio de reemplazo Tipo de item de Koha Renovaciones totales
NULL NULL Dewey Decimal Classification NULL Prestable NULL NULL Biblioteca Centro Regional de Ilobasco Biblioteca Centro Regional de Ilobasco Sala Principal 20/02/2015 UNICAES LI002033 1 613.042 GOM sal 1038616 05/01/2026 05/12/2025   05/10/2016 1- Monografias 1
NULL NULL Dewey Decimal Classification NULL Prestable NULL NULL Biblioteca Miguel de Cervantes - UNICAES Biblioteca Miguel de Cervantes - UNICAES Sala Principal 16/08/2014 Donación - Facultad de Ciencias y Humanidades 020548 2 613.042 GOM sal 1020905 13/07/2015 13/07/2015 8.00 16/08/2014 1- Monografias  
NULL NULL Dewey Decimal Classification NULL Prestable NULL NULL Biblioteca Miguel de Cervantes - UNICAES Biblioteca Miguel de Cervantes - UNICAES Sala Principal 16/08/2014 Donación - Facultad de Ciencias y Humanidades 020549 1 613.042 GOM sal 1020906 18/06/2018 18/06/2018 8.00 16/08/2014 1- Monografias